000 00499nam a2200169Ia 4500
003 GCL
008 140319s9999 xx 000 0 eng d
040 _aGCL /
_cGCL
082 0 4 _a658.4063
_bA O
100 1 _aARGYRIS, CHRIS.
245 1 0 _aOVERCOMING ORGANIZATIONAL DEFENSES: FACILITATING ORGANIZATIONAL LEARNING /
_cARGYRIS, CHRIS.
260 _a[S.N] :
_bALLYN AND BACON ،
_c1990
300 _a169 P
650 0 4 _aORGANIZATIONAL BEHAVIOR
650 0 4 _aORGANIZATIONAL CHANGE
942 _2ddc
_cBK
999 _c20819
_d20819